000 00557nam a2200229Ia 4500
003 OSt
005 20220924153416.0
006 a|||||r|||| 00| 0
007 ta
008 220923b |||||||| |||| 00| 0 ben d
024 _a349900
037 _cTextual
040 _aARTS
_cARTS
_bben
041 _2ben
_aben
082 _aO157, N6
100 _aDebsen Ganamay Au.
_9228744
245 0 _aNabanite
260 _c1996
650 _aBENGALI LANGUAGE
942 _hO157, N6
_cTEXL
_2CC
999 _c473508
_d473508